<?xml version="1.0" encoding="UTF-8"?>
<record
    xmlns:xsi="http://www.w3.org/2001/XMLSchema-instance"
    xsi:schemaLocation="http://www.loc.gov/MARC21/slim http://www.loc.gov/standards/marcxml/schema/MARC21slim.xsd"
    xmlns="http://www.loc.gov/MARC21/slim">

  <leader>02940nab a2200289 i 4500</leader>
  <controlfield tag="003">BR-BrBNA</controlfield>
  <controlfield tag="005">20250226125823.0</controlfield>
  <controlfield tag="008">250226b2014    bl.qr|pooa||| 00| 0 por |</controlfield>
  <datafield tag="040" ind1=" " ind2=" ">
    <subfield code="a">BR-BrBNA</subfield>
    <subfield code="b">por</subfield>
  </datafield>
  <datafield tag="072" ind1=" " ind2=" ">
    <subfield code="a">F70</subfield>
  </datafield>
  <datafield tag="072" ind1=" " ind2=" ">
    <subfield code="a">K01</subfield>
  </datafield>
  <datafield tag="072" ind1=" " ind2=" ">
    <subfield code="a">K10</subfield>
  </datafield>
  <datafield tag="100" ind1=" " ind2=" ">
    <subfield code="a">Escobar, Nicoll Andrea Gonzalez </subfield>
  </datafield>
  <datafield tag="100" ind1=" " ind2=" ">
    <subfield code="a">Silva, Edson Dias da</subfield>
  </datafield>
  <datafield tag="100" ind1=" " ind2=" ">
    <subfield code="a">Tozzi, Ana Maria Goulart de Azevedo</subfield>
  </datafield>
  <datafield tag="245" ind1=" " ind2=" ">
    <subfield code="a">Sinopse das Caesalpinioideae (Leguminosae) na Serra do Japi, S&#xE3;o Paulo, Brasil</subfield>
  </datafield>
  <datafield tag="500" ind1=" " ind2=" ">
    <subfield code="a">Publica&#xE7;&#xE3;o on-line; Bibliography p. 763-765 (63 ref.); 1 table; 3 illus.; Summaries (En, Pt)</subfield>
  </datafield>
  <datafield tag="520" ind1=" " ind2=" ">
    <subfield code="a">

Resumo

Este trabalho apresenta um estudo flor&#xED;stico das Caesalpinioideae da Serra do Japi, localizada na regi&#xE3;o sudeste
do estado de S&#xE3;o Paulo. Foram inventariadas dezoito esp&#xE9;cies distribu&#xED;das em nove g&#xEA;neros e quatro tribos. Os
g&#xEA;neros mais diversos no local foram Senna (6 spp.) e Chamaecrista (4 spp.) e a tribo mais representativa foi
Cassieae (11 spp.). Foram reconhecidos nove novos registros para a &#xE1;rea. As esp&#xE9;cies encontradas possuem
ampla distribui&#xE7;&#xE3;o nos dom&#xED;nios fitogeogr&#xE1;ficos do pa&#xED;s, com exce&#xE7;&#xE3;o de duas esp&#xE9;cies exclusivas da Mata
Atl&#xE2;ntica. A flora da Serra do Japi abriga quase 20% das esp&#xE9;cies de Caesalpinioideae registradas para o
estado, refor&#xE7;ando a import&#xE2;ncia da conserva&#xE7;&#xE3;o desta floresta como importante polo de diversidade. S&#xE3;o
apresentados chaves de identifica&#xE7;&#xE3;o, ilustra&#xE7;&#xF5;es e coment&#xE1;rios sobre as esp&#xE9;cies.

Palavras-chave: Fabaceae, flor&#xED;stica, floresta estacional, leguminosas, taxonomia.





Abstract

This paper presents a floristic survey of Caesalpinioideae in Serra do Japi, located in the southeastern of S&#xE3;o
Paulo state. Eighteen species belonging to nine genera and four tribes were inventoried. Senna (6 spp.) and
Chamaecrista (4 spp.) were the most diverse genera and Cassieae (11 spp.) the most representative tribe. Nine
new records for the area have been recognized. The species found have wide distribution in the phytogeographic
areas of the country, except two exclusive species of the Atlantic Forest. The flora in Serra do Japi holds
around 20% of the species of Caesalpinioideae registered in the State, reinforcing the importance of the
conservation of this forest as an important pole of diversity. Identification keys, illustrations and comments
about the species are presented.

Key words: Fabaceae, floristic, seasonal forest, legumes, taxonomy.</subfield>
  </datafield>
  <datafield tag="650" ind1=" " ind2=" ">
    <subfield code="a">COMPOSI&#xC7;&#xC3;O BOT&#xC2;NICA</subfield>
  </datafield>
  <datafield tag="650" ind1=" " ind2=" ">
    <subfield code="a">FLORESTA</subfield>
  </datafield>
  <datafield tag="650" ind1=" " ind2=" ">
    <subfield code="a">TAXONOMIA</subfield>
  </datafield>
  <datafield tag="650" ind1=" " ind2=" ">
    <subfield code="a">LEGUMINOSA</subfield>
  </datafield>
  <datafield tag="773" ind1="0" ind2=" ">
    <subfield code="0">709</subfield>
    <subfield code="9">348749</subfield>
    <subfield code="d">Rio de Janeiro-RJ Jardim Botanico do Rio de Janeiro 1935</subfield>
    <subfield code="o">2025-1242</subfield>
    <subfield code="t">Rodrigu&#xE9;sia (Brazil)</subfield>
    <subfield code="x">0370-6583; 2175-7860 on-line</subfield>
    <subfield code="g">v. 65(3) p. 751-765; (2014)</subfield>
    <subfield code="w">BR2024004938</subfield>
  </datafield>
  <datafield tag="856" ind1=" " ind2=" ">
    <subfield code="u">https://www.scielo.br/j/rod/a/dGhzh6CJVnMQJYcWcKPfssS/?format=pdf&amp;lang=pt</subfield>
  </datafield>
  <datafield tag="942" ind1=" " ind2=" ">
    <subfield code="c">ANA</subfield>
  </datafield>
  <datafield tag="999" ind1=" " ind2=" ">
    <subfield code="c">330158</subfield>
    <subfield code="d">330158</subfield>
  </datafield>
</record>
